| 000 | 00000nam 2200000zi 4500 |
| 001 | 9.940949 |
| 003 | CaOODSP |
| 005 | 20250206125415 |
| 006 | m o d f |
| 007 | cr mn||||||||| |
| 008 | 240724s2012####onc ob f|0| 0 fre d |
| 040 | |aCaOODSP|bfre|erda|cCaOODSP |
| 043 | |an-cn--- |
| 086 | 1 |aA104-564/2012F-PDF |
| 245 | 00|aPlan d’action pour assurer la sécurité des produits alimentaires rapport : |benquêtes ciblées de 2011-2012 - allergènes : présence d’allergènes non déclarés dans des substituts de protéines. |
| 246 | 10|aPrésence d’allergènes non déclarés dans des substituts de protéines |
| 264 | 1|a[Ottawa] : |bAgence canadienne d'inspection des aliments = Canadian Food Inspection Agency, |c[2012] |
| 300 | |a1 ressource en ligne (13 pages) |
| 336 | |atexte|btxt|2rdacontent/fre |
| 337 | |ainformatique|bc|2rdamedia/fre |
| 338 | |aressource en ligne|bcr|2rdacarrier/fre |
| 500 | |aTitre de la couverture. |
| 500 | |a« EC-CHIMIE-2011-2012. » |
| 500 | |a« No du SGDDI : 4125856. » |
| 500 | |aPublié aussi en anglais sous le titre : Food Safety Action Plan report: 2011-2012 targeted surveys - allergens : undeclared allergens and in protein substitutes. |
| 504 | |aComprend des références bibliographiques (pages 12-13). |
| 520 | |a« L’enquête sur la présence d’allergènes non déclarés dans des substituts de protéines (liquides ou en poudre) visait principalement : à recueillir des renseignements de base sur la présence et les concentrations d’allergènes et de gluten non déclarés dans les substituts de protéines (liquides et en poudre) » -- Sommaire, page 2. |
| 650 | 6|aAllergènes|zCanada. |
| 650 | 6|aProtéines|xAspect sanitaire|zCanada. |
| 650 | 6|aAliments|xInspection|zCanada. |
| 710 | 2 |aAgence canadienne d'inspection des aliments, |eorganisme de publication. |
| 775 | 08|tFood Safety Action Plan report : |w(CaOODSP)9.938040 |
| 856 | 40|qPDF|s577 Ko|uhttps://publications.gc.ca/collections/collection_2024/acia-cfia/A104-564-2012-fra.pdf |